Некоторые свойства электроизоляционных материалов на основе синтетических высокомолекулярных полимеров; Итоги исследований по электромеханике за 50 лет: 1917-1967

Bibliografiske detaljer
Parent link:Итоги исследований по электромеханике за 50 лет: 1917-1967.— 1967.— С. 46-63
Hovedforfatter: Кессених Р. М.
Sprog:russisk
Udgivet: 1967
Fag:
Format: MixedMaterials Book Chapter
KOHA link:https://koha.lib.tpu.ru/cgi-bin/koha/opac-detail.pl?biblionumber=175426

MARC

LEADER 00000naa2a2200000 4500
001 175426
005 20231031165101.0
035 |a (RuTPU)RU\TPU\book\190212 
035 |a RU\TPU\tpu\3986 
090 |a 175426 
100 |a 20100212d1967 k y0rusy50 ca 
101 0 |a rus 
102 |a RU 
200 1 |a Некоторые свойства электроизоляционных материалов на основе синтетических высокомолекулярных полимеров  |f Р. М. Кессених 
320 |a Библиогр.: 35 назв. 
463 0 |0 (RuTPU)RU\TPU\book\103769  |t Итоги исследований по электромеханике за 50 лет: 1917-1967  |o труды межвузовской научной конференции, посвященной 50-летию Великой Октябрьской социалистической революции  |f Томский государственный университет  |v С. 46-63  |d 1967  |p 122 с. 
610 1 |a электротехника 
610 1 |a труды учёных ТПУ 
700 1 |a Кессених  |b Р. М. 
801 0 |a RU  |b 63413507  |c 20011210  |g PSBO 
801 2 |a RU  |b 63413507  |c 20100212  |g PSBO 
942 |c BK